=LDR 00000nam 2200000 4500 =001 INLIS000000000039538 =005 20130612145148 =008 ***********************************Ind** =035 ##$$0010-061300000039538 =041 ##$$a Ind =082 ##$$a q615.321 =090 ##$$a 615.321, Har h =100 ##$$a Harmanto, Ning =245 ##$$a Herbal Untuk Bumbu dan Sayur, Ning Harmanto =260 ##$$a 2006 $b Jakarta =300 ##$$a 91 Hlm, 23 Cm =850 ##$$a NBPNMAT =990 ##$$a 0001/BPAP-NTB/20142015